Movies Quiz

Random Movies or Disney Quiz

Disney's Oscar Songs Quiz Stats

Quiz Updated Feb 1, 2018

Challenge
Share
Tweet
Embed
Score 0/41 Timer 08:00
1 Play Today
Nominee (WINNER) From the film % Correct
Circle of LifeThe Lion King
95%
A WHOLE NEW WORLDAladdin
94.8%
Hakuna MatataThe Lion King
94.1%
CAN YOU FEEL THE LOVE TONIGHTThe Lion King
92.9%
Be Our GuestBeauty and the Beast
92.4%
BelleBeauty and the Beast
91%
LET IT GOFrozen
90%
UNDER THE SEAThe Little Mermaid
89%
CHIM CHIM CHER-EEMary Poppins
85.3%
The Bare NecessitiesThe Jungle Book
85.3%
Bibbidi-Bobbidi-BooCinderella
85.1%
Kiss The GirlThe Little Mermaid
85%
COLORS OF THE WINDPocahontas
82.8%
You've Got A Friend In MeToy Story
78.8%
WHEN YOU WISH UPON A STARPinocchio
67.4%
YOU'LL BE IN MY HEARTTarzan
66.3%
Down In New OrleansThe Princess and the Frog
63%
Friend Like MeAladdin
60.1%
Go the DistanceHercules
59.7%
How Far I'll GoMoana
54%
That's How You KnowEnchanted
40.3%
Nominee (WINNER) From the film % Correct
Baby MineDumbo
40%
Zip-a-Dee-Doo-DahSong of the South
39.3%
Happy Working SongEnchanted
37%
When She Loved MeToy Story 2
34.3%
Almost ThereThe Princess and the Frog
27.6%
REMEMBER MECoco
26.9%
Candle On The WaterPete's Dragon
26.3%
IF I DIDN'T HAVE YOUMonsters Inc.
22.1%
I See the LightTangled
17.6%
BEAUTY AND THE BEASTBeauty and the Beast
15.7%
Down To EarthWALL-E
14.6%
So CloseEnchanted
14.6%
The Age Of Not BelievingBedknobs & Broomsticks
13%
Our TownCars
10.5%
Someone's Waiting For YouThe Rescuers
9%
LoveRobin Hood
8.6%
Love Is A SongBambi
8.2%
My Funny Friend and MeThe Emperor's New Groove
6.6%
WE BELONG TOGETHERToy Story 3
5.2%
Saludos AmigosSaludos Amigos
1.1%

You're not logged in!

Compare scores with friends on all Sporcle quizzes.
Join for Free
OR
Log In

You Might Also Like...

Show Comments

Extras

Top Quizzes Today


Score Distribution

Your Account Isn't Verified!

In order to create a playlist on Sporcle, you need to verify the email address you used during registration. Go to your Sporcle Settings to finish the process.

Report this User

Report this user for behavior that violates our Community Guidelines.

Details: